| Поле | Инд. | ПП | Название | Значение |
|---|---|---|---|---|
| Тип записи | a | |||
| Библиографический уровень | m | |||
| 001 | Контрольный номер | 74ead629-2364-11da-83c3-0008a11c4c18 | ||
| 005 | Дата корректировки | 20140703135744.6 | ||
| 008 | Кодируемые данные | 050912 | ||
| 020 | a | ISBN | 5-472-00089-0 | |
| c | Цена, тираж | 192.00 | ||
| 040 | a | Служба первич. каталог. | НБ ТвГУ | |
| 041 | a | Код языка текста | rus | |
| 080 | a | Индекс УДК | 616-092(075.8) | |
| a | Индекс УДК | 616-008.9(075.8) | ||
| 084 | a | Индекс другой классификации/Индекс ББК | Р252я73-1 | |
| 090 | x | Авторский знак | П20 | |
| a | Полочн. индекс | Р252 | ||
| 245 | 10 | a | Заглавие | Патологическая физиология и биохимия |
| b | Продолж. заглавия | учеб. пособие для студентов вузов | ||
| c | Ответственность | [И. П. Ашмарин и др.] | ||
| 260 | 0_ | a | Место издания | Москва |
| b | Издательство | Экзамен | ||
| c | Дата издания | 2005 | ||
| 300 | a | Объем | 478 с. | |
| b | Иллюстрации/ тип воспроизводства | ил. | ||
| 504 | a | Библиография | Библиогр. в конце ст. | |
| 583 | a | Действие | Получение впервые 257 09.09.2005 | |
| k | Исполнитель действия | ООО "Кроун" | ||
| 650 | a | Основная рубрика | Патологическая физиология | |
| x | Основная подрубрика | Учебники для вузов | ||
| 650 | a | Основная рубрика | Биохимия клиническая | |
| 653 | a | Ключевые слова | Физиология | |
| a | Ключевые слова | Биохимия | ||
| a | Ключевые слова | Патологическая физиология | ||
| a | Ключевые слова | Патофизиология | ||
| a | Ключевые слова | Клиническая биохимия | ||
| a | Ключевые слова | Патологическая биохимия | ||
| 700 | 1_ | a | Другие авторы | Ашмарин И. П. |
| e | Роль лиц | авт. | ||
| 700 | 1_ | a | Другие авторы | Каразеева Е. П. |
| e | Роль лиц | авт. | ||
| 700 | 1_ | a | Другие авторы | Карабасова М. А. |
| e | Роль лиц | авт. | ||
| 700 | 1_ | a | Другие авторы | Самонина Г. Е. |
| e | Роль лиц | авт. | ||
| 700 | 1_ | a | Другие авторы | Кошелев В. Б. |
| e | Роль лиц | авт. | ||
| 852 | t | Порядковый номер экземпляра | 10 | |
| p | Инвентарный номер | 817847 | ||
| p | Инвентарный номер | 817848 | ||
| p | Инвентарный номер | 817849 | ||
| p | Инвентарный номер | 817850 | ||
| p | Инвентарный номер | 817851 | ||
| p | Инвентарный номер | 817852 | ||
| p | Инвентарный номер | 817853 | ||
| p | Инвентарный номер | 817854 | ||
| p | Инвентарный номер | 817855 | ||
| p | Инвентарный номер | 817856 | ||
| 863 | t | 00091902 | ||
| 863 | t | 00091903 | ||
| 863 | t | 00091904 | ||
| 863 | t | 00091905 | ||
| 863 | t | 00091906 | ||
| 863 | t | 00091907 | ||
| 863 | t | 00091908 | ||
| 863 | t | 00091909 | ||
| 863 | t | 00091910 | ||
| 863 | t | 00091911 | ||
| 888 | a | За счет средств университета | ||
| 930 | a | Новая/Ретро | учебники | |
| 952 | p | 257.2005 192.00 1 817847 | ||
| p | 257.2005 192.00 1 817848 | |||
| p | 257.2005 192.00 1 817849 | |||
| p | 257.2005 192.00 1 817850 | |||
| p | 257.2005 192.00 1 817851 | |||
| p | 257.2005 192.00 1 817852 | |||
| p | 257.2005 192.00 1 817853 | |||
| p | 257.2005 192.00 1 817854 | |||
| p | 257.2005 192.00 1 817855 | |||
| p | 257.2005 192.00 1 817856 | |||
| c | Вид литературы | К ру | ||
| 954 | a | Дата поступления на обработку | 20050916 | |
| 999 | a | Подразделение 2 | Фил3 |